[Event "Sonipat Prakash Singh Memorial 1st"]
[Site "Sonipat"]
[Date "2017.04.17"]
[Round "1"]
[White "Roy Chowdhury, Saptarshi"]
[Black "Raman, Sharma"]
[Result "1-0"]
[WhiteElo "2345"]
[BlackElo "1360"]
[PlyCount "93"]
[EventDate "2017.04.17"]
[EventType "swiss"]
[EventRounds "10"]
[EventCountry "IND"]
[SourceTitle "CBM 177 Extra"]
[Source "ChessBase"]
[SourceDate "2017.04.27"]
[SourceVersion "1"]
[SourceVersionDate "2017.04.27"]
[SourceQuality "1"]

1. e4 e5 2. Nf3 Nc6 3. Bc4 Bc5 4. c3 Qe7 5. 0-0 d6 6. a4 a6 7. d3 Nf6 8. Nbd2 0-0 9. Re1 Ng4 10. Re2 Kh8 11. h3 Nh6 12. Nf1 f5 13. exf5 Bxf5 14. d4 Ba7 15. Bd5 Nf7 16. Ng3 Bd7 17. Be3 Ncd8 18. dxe5 Bxe3 19. Rxe3 Bc6 20. exd6 Qxd6 21. Bxc6 Nxc6 22. Qb3 Na5 23. Qc2 Rad8 24. Rae1 Nc6 25. Ne4 Qg6 26. Qe2 a5 27. Nc5 Rg8 28. Nxb7 Rb8 29. Nc5 Nd6 30. Nd7 Rbd8 31. Nde5 Nxe5 32. Nxe5 Qf5 33. Nc6 Qf7 34. Nxd8 Rxd8 35. Rf3 Qg8 36. Qe6 Nc4 37. Qxg8+ Kxg8 38. Re7 Nxb2 39. Rff7 Nxa4 40. Rxg7+ Kf8 41. Ref7+ Ke8 42. Rxc7 Kf8 43. Rcf7+ Ke8 44. Rxh7 Nc5 45. Ra7 Nd7 46. Rxa5 Nf8 47. Re5+ 1-0